000 00749nam a2200193Ia 4500
003 GCL
008 140319s9999 xx 000 0 ara d
040 _aGCL /
_cGCL
082 0 4 _a364.143
_bم ظ
100 1 _aمحمود مراد
245 1 0 _aالظاهرة الارهابية: الوثائق الكاملة للندوة الدولية للارهاب باشتراك 30 دولة القاهرة 22 - 24 فبراير 1997 /
_cمحمود مراد
260 _aالقاهرة :
_bالهيئة المصرية العامة للكتاب ،
_c1998
300 _a286 ص ؛
_c20سم
650 0 4 _aالثورات
650 0 4 _aالارهاب
650 0 4 _aالجرائم السياسية
650 0 4 _aالجرائم الدولية
942 _2ddc
_cBK
999 _c51785
_d51785